000 01006nam a2200217 a 4500
001 000044643
005 20201002045525.0
008 141210s2013 dr 000 p spa d
020 _a9789945492279
040 _aDO-SdBNP
_bspa
_cBNPHU
082 _axxxx
_bxxxx
100 1 _aVásquez Germán, Ariadna
_972661
245 1 0 _aDebí dibujar el mar en alguna parte /
_cAriadna Vásquez Germán.
260 _aSanto Domingo :
_bNacional,
_c2013.
300 _a72 p.
490 1 _aPremios nacionales
505 0 _aparte uno. Hechicera de la playa.
_tComo atravesando ruinas --
_tYanka --
_tEstás alli, madre --
_tTeresa --
_tEse viaje algún día --
_tYo espero a que se apague la tarde --
_tPantano. --
_tParte dos. Debí dibujar el mar en alguna parte. --
_tParte tres. Breve historia de enanos silvestres naciendo.
586 _aPremio Nacional de Poesía Salomé Ureña de Henríquez, 2012.
500 _aIncluye datos biográficos de la autora en la solapa de la cubierta
830 0 _aPremios nacionales
_9718
999 _c44132
_d44132